000 00465nam a2200181Ia 4500
008 090124s9999 xx 000 0 und d
082 _b128945
100 _aगरवारे मालती
245 _a जिद्द
250 _a1
260 _c1999
300 _a160
600 _aगरवारे मालती
630 _a जिद्द
700 _aगरवारे मालती
730 _a जिद्द
942 _cBOOK
999 _c175034
_d175034